| 000 | 01097nam0a22002531 4500 | ||
|---|---|---|---|
| 001 | rc\2201010 | ||
| 005 | 20110829165106.0 | ||
| 035 | _a(NLR Aleph) 006615730 | ||
| 090 |
_a7396308 _c7396308 |
||
| 100 | _a20110829d1979 |||y0rusy50 ca | ||
| 101 | 0 | _arus | |
| 102 | _aRU | ||
| 105 | _ay z ||||| | ||
| 200 | 1 |
_aОрганизация и проведение практических занятий _e(Метод. рекомендации для преподавателей ИПКИР) _fГос. ком. СССР по науке и технике, Ин-т повышения квалификации информ. работников _g[Сост.: к. ф.-м. н. Ю.С. Арутюнов и др.] |
|
| 210 |
_aМосква _cВИНИТИ _d1979 |
||
| 215 |
_a27 с. _d20 |
||
| 702 | 1 |
_aАрутюнов _bЮ. С. _4220 |
|
| 712 | 0 | 2 |
_aИнститут повышения квалификации информ. работников _cМосква |
| 801 | 0 |
_aRU _bNLR _gpsbo |
|
| 801 | 1 |
_aRU _bELAR _2rusmarc |
|
| 852 |
_aNLR _j81-4/3836 |
||
| 899 |
_aRuMoRGB _jB 79-52/2072 |
||
| 942 | _cBOOK | ||
| 980 | _aNB | ||